[Event "14th EUR-ch"]
[Site "Legnica POL"]
[Date "2013.05.15"]
[Round "10"]
[White "Sutovsky, Emil"]
[Black "Iordachescu, Viorel"]
[Result "1-0"]
[WhiteElo "2673"]
[BlackElo "2582"]
[EventDate "2013.05.05"]
[PlyCount "99"]

1.e4 c6 2.Nc3 d5 3.Nf3 Bg4 4.h3 Bxf3 5.Qxf3 e6 6.d4 Nf6 7.Bd3 dxe4 8.Nxe4 
Nxe4 9.Qxe4 Nd7 10.Bd2 Nf6 11.Qh4 Be7 12.O-O-O a5 13.Rhe1 a4 14.a3 b5 15.
Qg3 O-O 16.Kb1 Ra7 17.Re5 Rd7 18.f4 Ne8 19.f5 Bd6 20.fxe6 fxe6 21.Bg5 Bxe5
22.Bxh7+ Kh8 23.Qh4 Bg3 24.Qxg3 Rxd4 25.Bxd8 Rxd1+ 26.Ka2 Rff1 27.b3 Kxh7 
28.Qh4+ Kg8 29.Qe7 Nd6 30.Qxe6+ Kh7 31.Ba5 axb3+ 32.Kxb3 Rb1+ 33.Kc3 Rf6 
34.Qe2 c5 35.Kd3 Nc4 36.Qe4+ Kg8 37.Bc3 Rd6+ 38.Ke2 Rbd1 39.a4 R1d5 40.
axb5 Nb6 41.Qe8+ Kh7 42.Qe4+ Kg8 43.Qg4 g6 44.Qh4 Re6+ 45.Kf2 Rf5+ 46.Kg1 
Nd5 47.Qd8+ Kf7 48.Ba5 Ne7 49.b6 Rd5 50.Qc7 1-0

[Event "14th EUR-ch"]
[Site "Legnica POL"]
[Date "2013.05.15"]
[Round "10"]
[White "Potkin, Vladimir"]
[Black "Kempinski, Robert"]
[Result "1-0"]
[WhiteElo "2666"]
[BlackElo "2580"]
[EventDate "2013.05.05"]
[PlyCount "97"]

1.d4 Nf6 2.c4 g6 3.Nc3 Bg7 4.e4 O-O 5.Be2 d6 6.Nf3 c5 7.d5 e6 8.O-O exd5 
9.exd5 Bf5 10.Bf4 Ne4 11.Nxe4 Bxe4 12.Qb3 a5 13.Nd2 Bf5 14.g4 Bc8 15.Qg3 
Re8 16.Rae1 Ra6 17.Bd1 Bxb2 18.Ne4 Nd7 19.Ba4 Be5 20.Bxe5 dxe5 21.f4 exf4 
22.Qxf4 Rf8 23.Bxd7 Bxd7 24.Nf6+ Rxf6 25.Qxf6 b5 26.Qxd8 Rxd8 27.Rf6 bxc4 
28.Rd6 Kf8 29.Re3 c3 30.Rxc3 Ke7 31.Ra6 Bc8 32.Ra8 Kd6 33.Rxa5 Bxg4 34.
Rcxc5 Rb8 35.Rab5 Ra8 36.Ra5 Rb8 37.Rab5 Ra8 38.Rc6+ Ke5 39.d6+ Ke6 40.Rc4
Bf3 41.Rd4 Bc6 42.Rc5 Bd7 43.Rc2 Ke5 44.Rd1 Bg4 45.Rdd2 Rd8 46.a4 Bd7 47.
a5 Ra8 48.Rc7 Ke6 49.Rb7 1-0

[Event "14th EUR-ch"]
[Site "Legnica POL"]
[Date "2013.05.15"]
[Round "10"]
[White "Fedorchuk, Serhii"]
[Black "Kuljasevic, Davorin"]
[Result "1-0"]
[WhiteElo "2660"]
[BlackElo "2578"]
[EventDate "2013.05.05"]
[PlyCount "61"]

1.e4 e5 2.Nf3 Nc6 3.Bb5 a6 4.Ba4 Nf6 5.O-O Be7 6.d3 b5 7.Bb3 d6 8.a3 O-O 
9.Nc3 Be6 10.Nd5 Nd4 11.Nxd4 exd4 12.Nf4 Bxb3 13.cxb3 Nd7 14.Ne2 c5 15.Ng3
Re8 16.Nf5 Bf8 17.Qg4 Ne5 18.Qg3 Qd7 19.f4 Nc6 20.Bd2 Qe6 21.Rf3 g6 22.
Raf1 Ra7 23.b4 c4 24.Nh4 cxd3 25.f5 Qe5 26.Rf4 Bh6 27.f6 Bxf4 28.Rxf4 Qh5 
29.Nf3 Ne5 30.Rf5 Nxf3+ 31.gxf3 1-0

[Event "14th EUR-ch"]
[Site "Legnica POL"]
[Date "2013.05.15"]
[Round "10"]
[White "Ivanisevic, Ivan"]
[Black "Brkic, Ante"]
[Result "1/2-1/2"]
[WhiteElo "2655"]
[BlackElo "2575"]
[EventDate "2013.05.05"]
[PlyCount "80"]

1.d4 Nf6 2.c4 e6 3.Bg5 h6 4.Bh4 c5 5.d5 exd5 6.cxd5 d6 7.Nc3 Be7 8.e3 O-O 
9.Nf3 a6 10.a3 b5 11.Bd3 Bb7 12.Bc2 Nbd7 13.O-O Nb6 14.Qd3 g6 15.Rfd1 
Nfxd5 16.Nxd5 Bxd5 17.Bg3 Be6 18.Bxd6 Bxd6 19.Qxd6 Qxd6 20.Rxd6 Nc4 21.Rc6
Rfc8 22.Rxc8+ Rxc8 23.b3 Na5 24.Rb1 Kg7 25.Kf1 Kf6 26.Nd2 Ke7 27.Ke2 Rd8 
28.Ne4 Rc8 29.h3 b4 30.axb4 cxb4 31.Kd1 Bd5 32.f3 f5 33.Nd2 Rc3 34.Ra1 
Nxb3 35.Bxb3 Bxb3+ 36.Nxb3 Rxb3 37.Rxa6 Kf7 38.Ra7+ Kf6 39.Ra6+ Kf7 40.
Ra7+ Kf6 1/2-1/2

[Event "14th EUR-ch"]
[Site "Legnica POL"]
[Date "2013.05.15"]
[Round "10"]
[White "Kurnosov, Igor"]
[Black "Papp, Gabor"]
[Result "1/2-1/2"]
[WhiteElo "2654"]
[BlackElo "2570"]
[EventDate "2013.05.05"]
[PlyCount "80"]

1.c4 Nf6 2.Nc3 e5 3.Nf3 Nc6 4.g3 Bb4 5.Bg2 O-O 6.O-O d6 7.Nd5 Bc5 8.e3 Bg4
9.h3 Bh5 10.g4 Bg6 11.d4 Bb6 12.Nxf6+ Qxf6 13.c5 dxc5 14.Nxe5 Rad8 15.Nxg6
hxg6 16.d5 Ne7 17.e4 c6 18.Qf3 Qxf3 19.Bxf3 cxd5 20.exd5 Nxd5 21.Bg5 f6 
22.Rad1 fxg5 23.Bxd5+ Kh7 24.Kg2 c4 25.f3 Rf6 26.Bxc4 Rfd6 27.Rxd6 Rxd6 
28.Re1 Rd2+ 29.Kh1 Rxb2 30.Re8 Rb1+ 31.Kg2 Rb2+ 32.Kf1 Rf2+ 33.Ke1 Rxf3 
34.Bg8+ Kh6 35.Be6 Kh7 36.Bg8+ Kh6 37.Be6 Kh7 38.Bg8+ Kh6 39.Be6 Kh7 40.
Bg8+ Kh6 1/2-1/2

[Event "14th EUR-ch"]
[Site "Legnica POL"]
[Date "2013.05.15"]
[Round "10"]
[White "Arizmendi Martinez, Julen Luis"]
[Black "Mamedov, Rauf"]
[Result "0-1"]
[WhiteElo "2571"]
[BlackElo "2649"]
[EventDate "2013.05.05"]
[PlyCount "82"]

1.d4 g6 2.e4 Bg7 3.Nf3 d6 4.Be2 Nf6 5.Nc3 O-O 6.O-O c5 7.d5 e5 8.Bg5 h6 9.
Bh4 Nbd7 10.Nd2 Re8 11.Nc4 Nf8 12.h3 g5 13.Bg3 b5 14.Nxb5 Nxe4 15.Bf3 a6 
16.Bxe4 axb5 17.Ne3 Ng6 18.c3 Ne7 19.Bd3 c4 20.Bb1 f5 21.Bh2 Rf8 22.Nc2 
Qe8 23.Nb4 h5 24.f3 Qf7 25.Qd2 Bf6 26.Bc2 f4 27.Rae1 Bf5 28.a3 Kg7 29.Rd1 
Qg6 30.g4 fxg3 31.Bxg3 Bxc2 32.Nxc2 Nf5 33.Bh2 Bd8 34.Qe2 Bb6+ 35.Kh1 Rae8
36.Qe4 Nh4 37.Bg3 Nxf3 38.Qxg6+ Kxg6 39.Bf2 Bxf2 40.Rxf2 g4 41.hxg4 hxg4 
0-1

[Event "14th EUR-ch"]
[Site "Legnica POL"]
[Date "2013.05.15"]
[Round "10"]
[White "Petrosian, Tigran L."]
[Black "Markowski, Tomasz"]
[Result "1-0"]
[WhiteElo "2645"]
[BlackElo "2567"]
[EventDate "2013.05.05"]
[PlyCount "91"]

1.e4 e6 2.d4 d5 3.e5 c5 4.c3 Nc6 5.Nf3 Qb6 6.a3 c4 7.g3 Bd7 8.h4 Na5 9.
Nbd2 Ne7 10.Bh3 Qc7 11.O-O Nc8 12.h5 Nb6 13.h6 g6 14.Nh2 Ba4 15.Qf3 Be7 
16.Ng4 Nd7 17.Re1 O-O 18.Qe2 Bc2 19.Ne3 Bd3 20.Qg4 Qc6 21.Bf1 Bxf1 22.Rxf1
b5 23.f4 f5 24.exf6 Nxf6 25.Qh3 Nb3 26.Nxb3 cxb3 27.Ng4 a5 28.Ne5 Qc8 29.
Be3 Ne4 30.a4 bxa4 31.Rxa4 Ra6 32.Rfa1 Bd8 33.c4 Bc7 34.cxd5 exd5 35.Kg2 
Rf5 36.Rc1 Qb7 37.Qg4 Bxe5 38.dxe5 Qd7 39.Rd4 a4 40.Rcd1 Qc6 41.Rc1 Qb7 
42.Qd1 a3 43.Rb4 Qxb4 44.Qxd5+ Kh8 45.Rc8+ Rf8 46.Qf7 1-0

[Event "14th EUR-ch"]
[Site "Legnica POL"]
[Date "2013.05.15"]
[Round "10"]
[White "Nyzhnyk, Illya"]
[Black "Esen, Baris"]
[Result "0-1"]
[WhiteElo "2635"]
[BlackElo "2557"]
[EventDate "2013.05.05"]
[PlyCount "52"]

1.d4 d5 2.c4 c6 3.Nf3 Nf6 4.Nc3 e6 5.g3 dxc4 6.Bg2 b5 7.Ne5 Qb6 8.a4 Bb7 
9.O-O a5 10.f4 Nbd7 11.Be3 b4 12.Nxd7 Nxd7 13.Ne4 Be7 14.Rc1 Qa6 15.Qc2 
O-O 16.f5 c5 17.Qxc4 Qxc4 18.Rxc4 Bd5 19.Rcc1 c4 20.fxe6 fxe6 21.Rxf8+ 
Kxf8 22.Nd2 Rc8 23.b3 c3 24.Bf4 Bxg2 25.Kxg2 e5 26.dxe5 Nc5 0-1

[Event "14th EUR-ch"]
[Site "Legnica POL"]
[Date "2013.05.15"]
[Round "10"]
[White "Shomoev, Anton"]
[Black "Miton, Kamil"]
[Result "1/2-1/2"]
[WhiteElo "2561"]
[BlackElo "2624"]
[EventDate "2013.05.05"]
[PlyCount "69"]

1.e4 c5 2.Nf3 Nc6 3.d4 cxd4 4.Nxd4 e5 5.Nb5 d6 6.N1c3 a6 7.Na3 b5 8.Nd5 
Nge7 9.c4 Nd4 10.Be3 Nxd5 11.cxd5 g6 12.Bd3 Bg7 13.O-O O-O 14.Qd2 f5 15.
Bxd4 fxe4 16.Bxe4 exd4 17.Nc2 d3 18.Nb4 Qf6 19.Nxd3 Qd4 20.Rae1 Bf5 21.Qe3
Qxe4 22.Qxe4 Bxe4 23.Rxe4 Rf5 24.Rd1 Rxd5 25.Kf1 Rc8 26.Ke1 Rc4 27.Re2 
Rcd4 28.Re3 Bh6 29.Rh3 Bg5 30.b3 Re4+ 31.Kf1 Red4 32.Ke2 Re4+ 33.Kf1 Red4 
34.Ke2 Re4+ 35.Kf1 1/2-1/2

[Event "14th EUR-ch"]
[Site "Legnica POL"]
[Date "2013.05.15"]
[Round "10"]
[White "Timofeev, Artiom"]
[Black "Shengelia, David"]
[Result "1/2-1/2"]
[WhiteElo "2621"]
[BlackElo "2546"]
[EventDate "2013.05.05"]
[PlyCount "80"]

1.d4 d5 2.c4 c6 3.Nf3 Nf6 4.Nc3 dxc4 5.a4 Bf5 6.e3 e6 7.Bxc4 Bb4 8.O-O 
Nbd7 9.Nh4 O-O 10.h3 Bg6 11.Nxg6 hxg6 12.Qc2 Qe7 13.Rd1 Rac8 14.Bd2 c5 15.
dxc5 Qxc5 16.Be2 Qa5 17.Be1 a6 18.Rd4 Nc5 19.Rad1 Rfd8 20.Bf3 e5 21.Rxb4 
Qxb4 22.Nd5 Qxa4 23.Nxf6+ gxf6 24.Rxd8+ Rxd8 25.Qxc5 e4 26.Be2 Qa1 27.Qc3 
Rd6 28.f4 Rc6 29.Qd2 Rc1 30.Kf2 Kg7 31.g4 Rb1 32.b4 Rb2 33.Qd5 Qc1 34.Qxe4
Rb1 35.Qh1 Rxb4 36.g5 Rb3 37.gxf6+ Kh7 38.Qe4 Rb1 39.Qh1 Rb3 40.Qe4 Rb1 
1/2-1/2

[Event "14th EUR-ch"]
[Site "Legnica POL"]
[Date "2013.05.15"]
[Round "10"]
[White "Yilmaz, Mustafa"]
[Black "Rakhmanov, Aleksandr"]
[Result "1-0"]
[WhiteElo "2537"]
[BlackElo "2616"]
[EventDate "2013.05.05"]
[PlyCount "85"]

1.c4 c5 2.Nf3 g6 3.g3 Bg7 4.Bg2 Nc6 5.Nc3 d6 6.O-O Nh6 7.d4 cxd4 8.Bxh6 
Bxh6 9.Nxd4 Bd7 10.c5 dxc5 11.Nxc6 bxc6 12.Qc2 O-O 13.Rfd1 Qc7 14.Na4 Rfd8
15.Nxc5 Be8 16.e3 Bg7 17.Rac1 a5 18.b3 Rd6 19.Ne4 Rxd1+ 20.Qxd1 Rd8 21.Qe2
Qe5 22.Bf3 Kf8 23.Rc5 Rd5 24.Rc2 h6 25.Nd2 Rc5 26.Nc4 Qa1+ 27.Kg2 h5 28.
Rd2 h4 29.Rd8 f5 30.Qd3 Kf7 31.Rc8 h3+ 32.Kxh3 Qg1 33.Qd8 g5 34.Qxe8+ Kf6 
35.Rxc6+ Rxc6 36.Qxc6+ e6 37.g4 Qf1+ 38.Kg3 Qg1+ 39.Bg2 f4+ 40.exf4 gxf4+ 
41.Kxf4 Qxf2+ 42.Qf3 Qxa2 43.Ke4+ 1-0

[Event "14th EUR-ch"]
[Site "Legnica POL"]
[Date "2013.05.15"]
[Round "10"]
[White "Khalifman, Alexander"]
[Black "Mastrovasilis, Athanasios"]
[Result "1/2-1/2"]
[WhiteElo "2614"]
[BlackElo "2514"]
[EventDate "2013.05.05"]
[PlyCount "138"]

1.Nf3 Nf6 2.g3 d5 3.Bg2 c6 4.O-O Bf5 5.c4 e6 6.cxd5 Bxb1 7.Rxb1 cxd5 8.
Qa4+ Qd7 9.Qxd7+ Nbxd7 10.d3 Rc8 11.Bd2 Bc5 12.Rfc1 O-O 13.Kf1 Bd6 14.e3 
Ne5 15.Nxe5 Bxe5 16.Ke2 Rfd8 17.Rxc8 Rxc8 18.Rc1 Rxc1 19.Bxc1 Kf8 20.f4 
Bd6 21.Bd2 Nd7 22.Bc3 g6 23.e4 dxe4 24.dxe4 e5 25.Bh3 Ke7 26.Kf3 f6 27.
Bxd7 Kxd7 28.f5 g5 29.Kg4 Ke8 30.h4 gxh4 31.Kxh4 Bc5 32.Bd2 Bf2 33.Bh6 b5 
34.b3 a6 35.Kh3 Kf7 36.g4 Be1 37.g5 fxg5 38.Bxg5 Bb4 39.Kg4 Bd6 40.Kh5 Bf8
41.Bd8 Bg7 42.Bh4 Bf8 43.Bd8 Bg7 44.Kg5 Bf8 45.Bc7 Bg7 46.Bd6 Bf6+ 47.Kh6 
Kg8 48.Bc5 Bg7+ 49.Kh5 Kf7 50.Bb4 Bf6 51.Be1 Bg7 52.Bh4 Bf8 53.f6 Bc5 54.
Kg5 Ke6 55.Kh6 Kf7 56.Bg5 Kg8 57.a4 Bf8+ 58.Kh5 Kf7 59.Bh4 Ke6 60.Kg5 Bc5 
61.Kh6 Kf7 62.Bg5 Kg8 63.f7+ Kxf7 64.Kxh7 Bf8 65.Bh4 Bc5 66.Kh6 Be3+ 67.
Bg5 Bc5 68.Kh5 Bd4 69.Bd2 Kf6 1/2-1/2

[Event "14th EUR-ch"]
[Site "Legnica POL"]
[Date "2013.05.15"]
[Round "10"]
[White "Kreisl, Robert"]
[Black "Volkov, Sergei"]
[Result "0-1"]
[WhiteElo "2380"]
[BlackElo "2610"]
[EventDate "2013.05.05"]
[PlyCount "102"]

1.d4 d5 2.c4 c6 3.Nf3 Nf6 4.Nc3 a6 5.e3 b5 6.b3 Bg4 7.Be2 e6 8.h3 Bf5 9.g4
Bg6 10.Ne5 Nfd7 11.Nxg6 hxg6 12.Qc2 Be7 13.Bb2 dxc4 14.bxc4 bxc4 15.Bxc4 
Qa5 16.Kf1 Nb6 17.Bb3 N8d7 18.Ne4 Rc8 19.Kg2 Nd5 20.Rac1 O-O 21.Qe2 c5 22.
dxc5 Nxc5 23.Nxc5 Rxc5 24.Rxc5 Bxc5 25.Rd1 Rd8 26.Qf3 Be7 27.e4 Nf6 28.
Rxd8+ Bxd8 29.Qe2 Qb6 30.Qd3 Bc7 31.f3 Bb8 32.e5 Nd5 33.Qd4 Qb7 34.Bxd5 
exd5 35.Bc3 Ba7 36.Qb4 Qc6 37.Qe7 Be3 38.e6 Qxe6 39.Qd8+ Kh7 40.Qh4+ Bh6 
41.g5 Qe2+ 42.Kg3 Qe3 43.gxh6 Qxc3 44.hxg7+ Kxg7 45.Qa4 d4 46.Qxa6 d3 47.
Qd6 d2 48.Kf2 Qc2 49.Qd4+ f6 50.Qa7+ Kh6 51.Qe3+ g5 0-1

[Event "14th EUR-ch"]
[Site "Legnica POL"]
[Date "2013.05.15"]
[Round "10"]
[White "Andriasian, Zaven"]
[Black "Aghasarian, Robert"]
[Result "0-1"]
[WhiteElo "2608"]
[BlackElo "2445"]
[EventDate "2013.05.05"]
[PlyCount "93"]

1.e4 e5 2.Nf3 Nc6 3.Bb5 Nf6 4.d3 Bc5 5.c3 O-O 6.O-O d6 7.Bg5 h6 8.Bh4 g5 
9.Bg3 Nh5 10.Nbd2 Qf6 11.Bxc6 bxc6 12.d4 Nxg3 13.hxg3 Bb6 14.dxe5 dxe5 15.
Nc4 Re8 16.Nh2 Ba6 17.b3 Bxc4 18.bxc4 Rad8 19.Qe2 Kg7 20.Kh1 h5 21.Nf3 Rh8
22.Rad1 Rd6 23.Rd3 Rxd3 24.Qxd3 h4 25.g4 Rd8 26.Qe2 Qf4 27.Re1 Bc5 28.a4 
Qxg4 29.Nxe5 Qxe2 30.Rxe2 Rd1+ 31.Kh2 Bd6 32.f4 f6 33.Nxc6 Bxf4+ 34.Kh3 
Rd3+ 35.Kg4 Rxc3 36.a5 a6 37.Nd4 Kg6 38.Nf5 Rxc4 39.Ne7+ Kf7 40.Nd5 Be5 
41.Kf5 Rc5 42.Kg4 Rxa5 43.Rc2 Ra4 44.Kf5 Ra1 45.Kg4 Rf1 46.Rc4 Rf2 47.Kh3 
0-1

[Event "14th EUR-ch"]
[Site "Legnica POL"]
[Date "2013.05.15"]
[Round "10"]
[White "Sanikidze, Tornike"]
[Black "Akopian, Vladimir"]
[Result "0-1"]
[WhiteElo "2549"]
[BlackElo "2705"]
[EventDate "2013.05.05"]
[PlyCount "93"]

1.d4 Nf6 2.c4 e6 3.Nc3 Bb4 4.e3 O-O 5.Bd3 c5 6.Nf3 d5 7.O-O dxc4 8.Bxc4 
Nbd7 9.a3 Ba5 10.Bd2 cxd4 11.Nxd4 Ne5 12.Be2 Bd7 13.Rc1 Rc8 14.Qb3 Nc6 15.
Nxc6 Bxc6 16.Rfd1 Qe7 17.Bb5 h6 18.h3 Rfd8 19.Bxc6 Rxc6 20.Be1 Rdc8 21.Nd5
Nxd5 22.Rxc6 Rxc6 23.Bxa5 f5 24.Bd2 Qc7 25.Qd3 Qe5 26.Rb1 a6 27.a4 Kf7 28.
b4 Kg6 29.b5 axb5 30.Rxb5 b6 31.g4 Rd6 32.gxf5+ exf5 33.Qc4 Kh7 34.Bc1 Qe6
35.Bb2 Qg6+ 36.Kf1 Nxe3+ 37.fxe3 Rd2 38.Ke1 Rh2 39.Qf1 Qg3+ 40.Kd1 Rf2 41.
Qe1 Qf3+ 42.Kc1 Rf1 43.Qxf1 Qxf1+ 44.Kd2 Qxh3 45.Rxb6 Qg2+ 46.Kc3 h5 47.
Kd4 0-1

[Event "14th EUR-ch"]
[Site "Legnica POL"]
[Date "2013.05.15"]
[Round "10"]
[White "Gritsak, Orest"]
[Black "Cheparinov, Ivan"]
[Result "0-1"]
[WhiteElo "2549"]
[BlackElo "2700"]
[EventDate "2013.05.05"]
[PlyCount "130"]

1.Nf3 Nf6 2.c4 g6 3.Nc3 Bg7 4.g3 O-O 5.Bg2 d5 6.cxd5 Nxd5 7.h4 h5 8.O-O 
Nc6 9.d4 Bg4 10.Nh2 Be6 11.e4 Nxc3 12.bxc3 Na5 13.Bg5 Bc4 14.Re1 c5 15.Nf3
Qd7 16.Qc1 Rac8 17.Bh6 cxd4 18.Bxg7 Kxg7 19.Qa3 b6 20.cxd4 Qd6 21.Qe3 Nc6 
22.d5 Ne5 23.Nd4 Kh7 24.a4 Rc5 25.Nf3 Nxf3+ 26.Bxf3 e5 27.Kh2 Rfc8 28.g4 
Bxd5 29.Red1 Rc3 30.Rd3 Rxd3 31.Qxd3 Qf6 32.exd5 e4 33.Qxe4 Qxa1 34.gxh5 
Qf6 35.hxg6+ fxg6 36.h5 Rf8 37.Kg3 Kg7 38.Qxg6+ Qxg6+ 39.hxg6 Kxg6 40.Bg4 
Rd8 41.Be6 Kf6 42.Kf4 Rh8 43.Ke4 Rh2 44.f4 Rb2 45.Bd7 Rb4+ 46.Kf3 Rd4 47.
Bc6 a6 48.Ke3 Rc4 49.Kf3 Ke7 50.Kg4 Kf6 51.Kf3 Ke7 52.Kg4 Rd4 53.Kf5 Kd6 
54.Kg4 Rb4 55.Kg5 b5 56.axb5 axb5 57.f5 Rb1 58.f6 b4 59.Kg6 b3 60.Ba4 b2 
61.Bc2 Rg1+ 62.Kf7 Rc1 63.Bd3 Ke5 64.Kg7 Rg1+ 65.Kf7 Rf1 0-1

[Event "14th EUR-ch"]
[Site "Legnica POL"]
[Date "2013.05.15"]
[Round "10"]
[White "Gordon, Stephen"]
[Black "Socko, Bartosz"]
[Result "1/2-1/2"]
[WhiteElo "2527"]
[BlackElo "2647"]
[EventDate "2013.05.05"]
[PlyCount "112"]

1.d4 Nf6 2.c4 e6 3.Nf3 b6 4.g3 Bb7 5.Bg2 Bb4+ 6.Bd2 Be7 7.Nc3 O-O 8.O-O 
Qc8 9.Re1 c5 10.d5 exd5 11.cxd5 d6 12.e4 Nbd7 13.Bf4 Nh5 14.Be3 Nhf6 15.h3
Re8 16.a4 Bf8 17.Bf4 Nh5 18.Bd2 g6 19.Rc1 Ba6 20.g4 Nhf6 21.b3 Bg7 22.Bf4 
Ne5 23.Nxe5 dxe5 24.Be3 Qd7 25.Bf3 h5 26.Kh2 Bc8 27.Rg1 Kh7 28.Rg2 Rh8 29.
Kg1 hxg4 30.hxg4 Kg8 31.Be2 a5 32.f3 Ne8 33.Bb5 Qd8 34.Rcc2 Nd6 35.Rh2 
Rxh2 36.Rxh2 Ra7 37.Qe1 f5 38.gxf5 gxf5 39.Qh4 Qxh4 40.Rxh4 Bf6 41.Rh2 
Rg7+ 42.Rg2 f4 43.Rxg7+ Kxg7 44.Bf2 Kg6 45.Be2 Bd7 46.Nb1 Kh5 47.Na3 Bh4 
48.Bxh4 Kxh4 49.Kf2 Kg5 50.Nc4 Nxc4 51.Bxc4 Kf6 52.Ke1 Ke7 53.Bb5 Bh3 54.
Ke2 Kd6 55.Ke1 Ke7 56.Ke2 Kd6 1/2-1/2

[Event "14th EUR-ch"]
[Site "Legnica POL"]
[Date "2013.05.15"]
[Round "10"]
[White "Zontakh, Andriy"]
[Black "Stevic, Hrvoje"]
[Result "1/2-1/2"]
[WhiteElo "2521"]
[BlackElo "2637"]
[EventDate "2013.05.05"]
[PlyCount "76"]

1.d4 d5 2.c4 dxc4 3.e4 Nf6 4.e5 Nd5 5.Bxc4 Nb6 6.Bb3 Nc6 7.Nf3 Bg4 8.Bxf7+
Kxf7 9.Ng5+ Ke8 10.Qxg4 Qxd4 11.Qe2 Qc4 12.Nc3 Qxe2+ 13.Nxe2 Nxe5 14.O-O 
h6 15.Ne6 Kf7 16.Nxc7 Rc8 17.Nb5 a6 18.Nbc3 g6 19.b3 Bg7 20.Be3 Rc6 21.
Rad1 Nc8 22.Ne4 Rc2 23.N2c3 Ng4 24.Bd4 Rd8 25.Bxg7 Rxd1 26.Rxd1 Kxg7 27.f3
Ne3 28.Rd2 Rxd2 29.Nxd2 Nd6 30.Kf2 Nc2 31.Nde4 Kf7 32.Ke2 Nb4 33.Nc5 Kf6 
34.Ke3 Ke5 35.Nd7+ Ke6 36.Nc5+ Ke5 37.Nd7+ Ke6 38.Nc5+ Ke5 1/2-1/2

[Event "14th EUR-ch"]
[Site "Legnica POL"]
[Date "2013.05.15"]
[Round "10"]
[White "Kozul, Zdenko"]
[Black "Handke, Florian"]
[Result "0-1"]
[WhiteElo "2624"]
[BlackElo "2545"]
[EventDate "2013.05.05"]
[PlyCount "68"]

1.d4 Nf6 2.Nf3 g6 3.c4 Bg7 4.Nc3 d5 5.cxd5 Nxd5 6.e4 Nxc3 7.bxc3 c5 8.Rb1 
O-O 9.Be2 b6 10.O-O Qc7 11.Bg5 Nc6 12.h3 Bb7 13.Qc1 e6 14.Rd1 Rfe8 15.Bb5 
a6 16.Bxc6 Bxc6 17.d5 exd5 18.exd5 Ba4 19.Rd2 Qd6 20.c4 Re4 21.Be3 Rae8 
22.Qa3 Rxc4 23.Bd4 Bxd4 24.Nxd4 Qxd5 25.Nf3 Qc6 26.h4 h5 27.Rc1 Rxc1+ 28.
Qxc1 Qf6 29.Rb2 c4 30.Ng5 b5 31.Kh2 a5 32.Rd2 c3 33.Rd7 Qxf2 34.Nf3 Qe3 
0-1

[Event "14th EUR-ch"]
[Site "Legnica POL"]
[Date "2013.05.15"]
[Round "10"]
[White "Ardelean, George-Catalin"]
[Black "Hovhannisian, Robert"]
[Result "0-1"]
[WhiteElo "2510"]
[BlackElo "2607"]
[EventDate "2013.05.05"]
[PlyCount "94"]

1.c4 e5 2.Nc3 Nc6 3.g3 Bb4 4.Nd5 Nf6 5.Nxb4 Nxb4 6.a3 Nc6 7.Bg2 d6 8.d3 
Be6 9.b4 a6 10.Nf3 h6 11.Bb2 Qd7 12.O-O Bh3 13.Re1 Bxg2 14.Kxg2 Nh7 15.e4 
Ng5 16.Ng1 Ne6 17.f4 h5 18.f5 Ned4 19.Nf3 Nxf3 20.Qxf3 h4 21.Rac1 Qe7 22.
Qe3 Qf6 23.g4 h3+ 24.Kh1 g5 25.Rg1 Nd4 26.Rg3 Kf8 27.Rf1 Ne6 28.Rd1 Nf4 
29.d4 Kg7 30.Rd2 Rhe8 31.d5 Rac8 32.Rc2 c6 33.Qf2 Rc7 34.Rgc3 Rec8 35.Kg1 
Qd8 36.dxc6 Rxc6 37.Kf1 R8c7 38.Qf3 Qc8 39.c5 dxc5 40.bxc5 f6 41.Bc1 Rxc5 
42.Rxc5 Rxc5 43.Rxc5 Qxc5 44.Bxf4 gxf4 45.g5 Qc1+ 46.Ke2 Qc2+ 47.Kf1 Qg2+ 
0-1

[Event "14th EUR-ch"]
[Site "Legnica POL"]
[Date "2013.05.15"]
[Round "10"]
[White "Babula, Vlastimil"]
[Black "Cyborowski, Lukasz"]
[Result "1/2-1/2"]
[WhiteElo "2591"]
[BlackElo "2543"]
[EventDate "2013.05.05"]
[PlyCount "80"]

1.d4 Nf6 2.c4 e6 3.Nc3 d5 4.Bg5 Be7 5.e3 O-O 6.Nf3 h6 7.Bh4 Ne4 8.Bxe7 
Qxe7 9.Rc1 Nxc3 10.Rxc3 c6 11.Be2 Nd7 12.O-O dxc4 13.Bxc4 b6 14.Bd3 c5 15.
Be4 Rb8 16.Qc2 Nf6 17.Bc6 cxd4 18.Nxd4 e5 19.Nf3 Rd8 20.h3 Qd6 21.Qa4 a5 
22.Qb5 Be6 23.a3 Bd5 24.Rfc1 Ne4 25.R3c2 Nc5 26.Bxd5 Qxd5 27.Rd2 Qe6 28.b4
axb4 29.axb4 Rxd2 30.Nxd2 Qd7 31.Qxd7 Nxd7 32.Rc7 Nf6 33.b5 Rd8 34.Nc4 Rd5
35.Nxb6 Rxb5 36.Nd7 Nxd7 37.Rxd7 h5 38.h4 f6 39.e4 Kh7 40.f3 Kg6 1/2-1/2

[Event "14th EUR-ch"]
[Site "Legnica POL"]
[Date "2013.05.15"]
[Round "10"]
[White "Ipatov, Alexander"]
[Black "Mirzoev, Azer"]
[Result "1/2-1/2"]
[WhiteElo "2588"]
[BlackElo "2543"]
[EventDate "2013.05.05"]
[PlyCount "87"]

1.c4 e6 2.d4 d5 3.Nf3 Nf6 4.Nc3 Be7 5.Bg5 O-O 6.e3 c6 7.Qc2 Nbd7 8.Rd1 h6 
9.Bh4 b6 10.cxd5 cxd5 11.Bd3 Bb7 12.O-O Rc8 13.Qb1 a6 14.Rc1 b5 15.Ne2 
Rxc1 16.Rxc1 Qb8 17.Ne5 Bd6 18.Nxd7 Nxd7 19.Bg3 Bxg3 20.hxg3 Rc8 21.b4 Nb6
22.Rxc8+ Qxc8 23.Qe1 Na4 24.Qd2 Bc6 25.Nc1 Bb7 26.Nb3 Qc7 27.Kf1 g6 28.Ke1
Kf8 29.Qc2 Qxc2 30.Bxc2 Bc8 31.Kd2 Ke7 32.Bd3 Bd7 33.Bc2 g5 34.Kd3 f6 35.
f4 Nb2+ 36.Ke2 Na4 37.Kd2 Bc8 38.Bb1 Bd7 39.Bd3 Kd8 40.Be2 Ke7 41.Kc2 Be8 
42.Bd3 Bd7 43.Nc1 Nb6 44.Kd2 1/2-1/2

[Event "14th EUR-ch"]
[Site "Legnica POL"]
[Date "2013.05.15"]
[Round "10"]
[White "Bulmaga, Irina"]
[Black "Grigoriants, Sergei"]
[Result "0-1"]
[WhiteElo "2393"]
[BlackElo "2579"]
[EventDate "2013.05.05"]
[PlyCount "76"]

1.e4 e5 2.Nf3 Nc6 3.Bc4 Bc5 4.c3 Nf6 5.d3 Bb6 6.O-O d6 7.Bb3 h6 8.Nbd2 O-O
9.Re1 Be6 10.h3 Re8 11.Bc2 Ne7 12.Nf1 Ng6 13.Ng3 d5 14.exd5 Bxd5 15.Bd2 
Qd7 16.Ne4 Qf5 17.b4 Qe6 18.Nc5 Bxc5 19.bxc5 b6 20.Ba4 Bc6 21.Bxc6 Qxc6 
22.cxb6 axb6 23.Qc2 Ra4 24.Re2 e4 25.dxe4 Rexe4 26.Rxe4 Qxe4 27.Qb3 Qc4 
28.Re1 Ne4 29.h4 Nxd2 30.Nxd2 Qc6 31.c4 Nxh4 32.Qh3 Ng6 33.Qc8+ Kh7 34.Re8
Rxa2 35.Ne4 Qxc4 36.Qh3 Ra5 37.Qc8 Qc1+ 38.Kh2 Rh5+ 0-1

[Event "14th EUR-ch"]
[Site "Legnica POL"]
[Date "2013.05.15"]
[Round "10"]
[White "Hagen, Andreas Skytte"]
[Black "Ruck, Robert"]
[Result "0-1"]
[WhiteElo "2400"]
[BlackElo "2570"]
[EventDate "2013.05.05"]
[PlyCount "139"]

1.e4 c6 2.d4 d5 3.e5 Bf5 4.Nf3 e6 5.Be2 Nd7 6.O-O h6 7.Nbd2 Ne7 8.Nb3 Bh7 
9.a4 Ng6 10.a5 Be7 11.c4 dxc4 12.Bxc4 O-O 13.Be3 Re8 14.Qe2 Bf8 15.Bd3 Ne7
16.Bxh7+ Kxh7 17.Ne1 Qc7 18.Nd3 Nd5 19.f4 f5 20.g4 g6 21.Kh1 Be7 22.Rg1 
Rg8 23.Rg3 Raf8 24.Rag1 fxg4 25.h3 gxh3 26.f5 Rxf5 27.Rxh3 Nxe3 28.Qxe3 g5
29.d5 c5 30.d6 Qc6+ 31.Rg2 Bf8 32.Nbxc5 Nxc5 33.Nxc5 g4 34.Rg3 Rgg5 35.Ne4
Rf1+ 36.Rg1 Rh5+ 37.Kg2 Rff5 38.Rc1 Qd5 39.Qd3 Qxe5 40.d7 Be7 41.Rc5 Qxb2+
42.Nd2 Qa1 43.Nf1 Qe1 44.Rc2 Qxa5 45.Ne3 Qa1 46.Nxf5 Qh1+ 47.Kf2 Rxf5+ 48.
Ke2 Qf1+ 49.Kd2 Bg5+ 50.Kc3 Bf6+ 51.Kd2 Bg5+ 52.Kc3 Qe1+ 53.Kb3 Qb1+ 54.
Rb2 Qxd3+ 55.Rxd3 Rb5+ 56.Kc2 Rxb2+ 57.Kxb2 Bd8 58.Kc2 Kg6 59.Kd2 h5 60.
Ke3 g3 61.Kf3 h4 62.Kg4 a5 63.Rb3 b6 64.Rb2 Kf7 65.Kh3 e5 66.Kg4 Ke6 67.
Rd2 a4 68.Kh3 e4 69.Rd4 b5 70.Rb4 0-1

[Event "14th EUR-ch"]
[Site "Legnica POL"]
[Date "2013.05.15"]
[Round "10"]
[White "Grigorian, Karen"]
[Black "Sebenik, Matej"]
[Result "1/2-1/2"]
[WhiteElo "2559"]
[BlackElo "2527"]
[EventDate "2013.05.05"]
[PlyCount "79"]

1.d4 Nf6 2.c4 e6 3.Nc3 Bb4 4.f3 d5 5.a3 Bxc3+ 6.bxc3 c5 7.cxd5 exd5 8.e3 
O-O 9.Bd3 b6 10.Ne2 Ba6 11.Bxa6 Nxa6 12.O-O Re8 13.Qd3 Nb8 14.Bd2 Nc6 15.
Rae1 Qd7 16.Bc1 Rad8 17.g4 Ne7 18.Ng3 Qa4 19.g5 Nd7 20.h4 Qb3 21.Re2 Nf8 
22.Rb2 Qa4 23.Rg2 Nc8 24.h5 cxd4 25.cxd4 Nd6 26.h6 g6 27.e4 Ne6 28.exd5 
Qxd4+ 29.Qxd4 Nxd4 30.Bb2 N4f5 31.Nxf5 Nxf5 32.Rd2 Ne3 33.Rc1 Rxd5 34.Rxd5
Nxd5 35.Rd1 Rd8 36.Bf6 Rd7 37.Rc1 Rc7 38.Rd1 Rd7 39.Rc1 Rc7 40.Rd1 1/2-1/2

[Event "14th EUR-ch"]
[Site "Legnica POL"]
[Date "2013.05.15"]
[Round "10"]
[White "Jianu, Vlad-Cristian"]
[Black "Gallagher, Joseph"]
[Result "1/2-1/2"]
[WhiteElo "2555"]
[BlackElo "2507"]
[EventDate "2013.05.05"]
[PlyCount "150"]

1.d4 e6 2.c4 f5 3.Nf3 Nf6 4.g3 Be7 5.Bg2 O-O 6.O-O d6 7.Nc3 Ne4 8.Qc2 Nxc3
9.Qxc3 a5 10.b3 Nc6 11.Bb2 Bf6 12.Rad1 Qe7 13.Rfe1 e5 14.dxe5 dxe5 15.e4 
fxe4 16.Nd2 Bg4 17.Ra1 Nd4 18.Kh1 Bg5 19.Nxe4 Bf3 20.Ba3 Qxa3 21.Nxg5 
Bxg2+ 22.Kxg2 Qd6 23.Qd3 Rf5 24.Ne4 Qg6 25.Re3 Raf8 26.Rf1 Rh5 27.f3 Kh8 
28.Rf2 b6 29.Re1 Rhf5 30.Re3 h6 31.Nc3 Qf7 32.Nd5 Rg5 33.h4 Rg6 34.Rxe5 
Ne6 35.Qe4 c6 36.h5 Rxg3+ 37.Kxg3 cxd5 38.cxd5 Nf4 39.Rh2 Qc7 40.Rc2 Qf7 
41.Kf2 Nh3+ 42.Kf1 Ng5 43.Rxg5 hxg5 44.Kg2 Qf6 45.Rc6 Qb2+ 46.Qc2 Qe5 47.
Rc8 Kg8 48.Rxf8+ Kxf8 49.Qe4 Qb2+ 50.Kh3 Qd2 51.a4 Qd1 52.Kg4 Qxb3 53.d6 
Qb4 54.d7 Qxe4+ 55.fxe4 Ke7 56.Kxg5 b5 57.axb5 a4 58.b6 Kxd7 59.e5 a3 60.
b7 Kc7 61.e6 a2 62.b8=Q+ Kxb8 63.e7 a1=Q 64.e8=Q+ Kc7 65.Qe7+ Kc6 66.Kg6 
Qg1+ 67.Kf7 Qh2 68.Qe6+ Kc7 69.Qc4+ Kd6 70.Qd4+ Kc6 71.Qe4+ Kc7 72.Qg6 Qe5
73.Kg8 Kd8 74.Qf7 Qe2 75.Kxg7 Qg4+ 1/2-1/2